| 000 | 00862nam a22001815i 4500 | ||
|---|---|---|---|
| 001 | 153991 | ||
| 003 | ES-MaACL | ||
| 005 | 20230906205453.0 | ||
| 008 | 020916s1881 sp |||| | spa d | ||
| 245 | 0 | 3 |
_aLa Exploradora : _bAsociación Euskara para la Exploración y Civilización del África Central : 1881. |
| 260 |
_aMadrid : _b[s.n.], _c1881 ( _fImp. de Fortanet) |
||
| 300 |
_a29 p. ; _c23 cm. |
||
| 505 | 8 | _aContiene: Reseña de las tareas y estado de la Exploradora / leída en Junta General por su secretario Enrique Irábien y Larrañaga, p. 7-29 | |
| 610 | 2 |
_aAsociación Euskara La Exploradora (Vitoria) _9134130 |
|
| 651 | 4 |
_aÁfrica central- _xDescubrimientos y exploraciones. _9137404 |
|
| 700 | 1 |
_aIrábien de Larrañaga, Enrique. _9144820 |
|
| 852 | 4 |
_aES-MaACL _jT-427-F-17 _z- Enc. hol., falto de cub. original _z- Enc. en un vol. facticio |
|
| 999 |
_c153991 _d153991 |
||